[Event "BEL-ch U14"]
[Site "Blankenberge"]
[Date "2014.04.14"]
[Round "2"]
[White "Kreczman, Savinien"]
[Black "Vermaercke, Reinout"]
[Result "1-0"]
[WhiteElo "1577"]
[BlackElo "1262"]
[PlyCount "70"]
[EventDate "2014.04.??"]
[EventType "swiss"]
[EventRounds "9"]
[EventCountry "BEL"]
[SourceTitle "EXT 2015"]
[Source "ChessBase"]
[SourceDate "2014.11.20"]
[SourceVersion "1"]
[SourceVersionDate "2014.11.20"]
[SourceQuality "1"]

1. d4 d6 2. Nf3 Nf6 3. Nc3 d5 4. Bf4 Bd7 5. e3 e6 6. Bd3 Na6 7. Qe2 Nb8 8. 0-0 Bc6 9. Ne5 Bd6 10. a3 0-0 11. e4 Re8 12. Nxc6 Nxc6 13. e5 Nxd4 14. Qd2 Bxe5 15. Bxe5 Nc6 16. Bg3 e5 17. Bb5 a6 18. Bxc6 bxc6 19. Rfe1 e4 20. Re2 Re6 21. Rae1 Qe7 22. f3 Rd8 23. Qf4 Nh5 24. Qxc7 Nxg3 25. Qxg3 Re8 26. fxe4 dxe4 27. Rxe4 Rxe4 28. Rxe4 Qa7+ 29. Qf2 Qd7 30. Rxe8+ Qxe8 31. Kf1 g6 32. Qe2 Qe6 33. Qxe6 fxe6 34. Ne4 Kf7 35. Ng5+ Ke7 1-0